| 000 | 01010nam a2200241 i 4500 | ||
|---|---|---|---|
| 001 | 98671 | ||
| 003 | ES-MaACL | ||
| 005 | 20250907063058.0 | ||
| 007 | t| | ||
| 008 | 950920s1883 sp ||||1| spa d | ||
| 040 |
_aCAM _bspa _cCAM |
||
| 100 | 1 |
_aElías de Molins, José, _d1848-1928 _946975 |
|
| 245 | 1 | 0 |
_aImportación temporal de los arroces de la India y Filipinas _b: discurso pronunciado ante la excma. Junta de Aranceles y Valoraciones el día 17 de mayo de 1883 y artículos publicados en la Epoca y el Diario de Barcelona / por José Elias de Molins. |
| 260 |
_aBarcelona : _b[s.n.], _c1883 ( _fImpr. barcelonesa) |
||
| 300 |
_a50, [2] p. ; _c26 cm. |
||
| 650 | 4 |
_aArroz- _zEspaña- _xImportación. _9163832 |
|
| 650 | 4 |
_aArroz- _zIndia- _xExportación. _9163834 |
|
| 650 | 4 |
_aArroz- _xAranceles y tarifas- _zEspaña. _9163835 |
|
| 710 | 2 |
_aEspaña. _bJunta de Aranceles y Valoraciones. _9155810 |
|
| 852 |
_aES-MaACL _jT-385-F-5 |
||
| 852 |
_aES-MaACL _jT-780-F-1 |
||
| 999 |
_c98671 _d98671 |
||